| 000 | 00598nam0a22002291 4500 | ||
|---|---|---|---|
| 001 | rc\2881175 | ||
| 005 | 20250529213553.0 | ||
| 035 | _a(NLR Aleph) 007033992 | ||
| 090 |
_a6031410 _c6031410 |
||
| 100 | _a20110720d1928 |||y0rusy50 ca | ||
| 101 | 0 | _arus | |
| 102 | _aRU | ||
| 105 | _ay z ||||| | ||
| 200 | 1 |
_aРазинщина _eРассказы |
|
| 210 |
_aТифлис _cА.П.П.Г. _d[1928] |
||
| 215 |
_a32 с. _d18×13 см |
||
| 700 | 1 |
_aКиевлянин _bБ. _gБорис |
|
| 801 | 0 |
_aRU _bNLR _gpsbo |
|
| 801 | 1 |
_aRU _bELAR _2rusmarc |
|
| 852 |
_aNLR _j61/692 |
||
| 942 | _cBOOK | ||
| 980 | _aNB | ||